| 000 | 01279nam a22003137a 4500 | ||
|---|---|---|---|
| 003 | OSt | ||
| 005 | 20170821133321.0 | ||
| 008 | 170730s1996 ua a gr 001 0cara d | ||
| 040 |
_aEG-ScBUE _bara _cEG-ScBUE |
||
| 043 | _af-ua--- | ||
| 082 | 0 | 4 |
_a281.72 _bط و س _222 |
| 100 | 1 |
_aطوسون، عمر، _cالأمير، _d1944-1872. _926333 |
|
| 245 | 1 | 0 |
_aوادي النطرون ورهبانه وأديرته ومختصر تاريخ البطاركة ؛ _bمذيل بكتاب تاريخ الأديرة البحرية، 1354-1935 / _c[عمر طوسون] |
| 246 | 3 | 4 | _aتاريخ الأديرة البحرية، 1354-1935 |
| 250 | _aط. 2. | ||
| 260 |
_aالقاهرة : _bمكتبة مدبولي، _c1996. |
||
| 300 |
_a212 ص. : _bإيض. ؛ _c24 سم. |
||
| 490 | 0 |
_aصفحات من تاريخ مصر ؛ _v19 |
|
| 590 | _aسارة | ||
| 650 | 7 |
_aالكنائس _zمصر. _2BUEsh _922212 |
|
| 650 | 7 |
_aالمسيحيون _zمصر. _2BUEsh _931307 |
|
| 650 | 7 |
_2BUEsh _aالأديرة _zمصر. |
|
| 650 | 7 |
_2BUEsh _aالبطاركة _xتاريخ _zمصر. |
|
| 650 | 7 |
_2BUEsh _aالكنائس _zمصر. _922212 |
|
| 651 | 7 |
_aمصر _xآثار مسيحية. _2BUEsh |
|
| 653 |
_bGGEN _cJuly2017 |
||
| 740 | 0 | 2 | _aتاريخ الأديرة البحرية 1354-1935 م. |
| 942 | _2ddc | ||
| 999 |
_c25086 _d25058 |
||